| 000 | 01048nab a2200205 i 4500 | ||
|---|---|---|---|
| 001 | BPP | ||
| 003 | BPK | ||
| 005 | 20160402140249.0 | ||
| 008 | 15627 s1985 pl n f |000 0pol | ||
| 040 | _cBPK | ||
| 080 | _a94(438).081 | ||
| 100 |
_aPOLAK, Bogusław. _d 1979 - 1996. _bWyższa Szkoła Inżynierska w Koszalinie - Instytut Nauk Społecznych |
||
| 245 |
_aUdział wychodźstwa w Powstaniu Wielkopolskim 1918 - 1919 : _b(informacja o stanie badań) / _cBogusław Polak, Marek Rezler. |
||
| 260 | _c1985. | ||
| 500 | _aDane z autopsji. | ||
| 520 | _aInformacje dotyczące udziału wychodźstwa w Powstaniu Wielkopolskim są niepełne i fragmentaryczne. W przeważającej większości są one związane z dziejami Sokoła - najliczniejszej i najpopularniejszej siły organizacyjnej Polaków przebywających na emigracji. | ||
| 650 | 0 | _aPowstanie 1918 r. wielkopolskie. | |
| 773 |
_iW : _tKoszalińskie Studia i Materiały. - _dKoszalin : Koszaliński Ośrodek Naukowo-Badawczy, 1985. - _g1983, nr 2(42), s. 61-87 |
||
| 942 |
_cART _2UKD |
||
| 999 |
_c4061 _d4061 |
||